Tennis - Le top 20 du classement ATP au 1er janvier 2009 - Statistiques

Statistiques générales
  • Ce quiz a été pris 21 fois
  • Le résultat moyen est 14 sur 20
Statistiques - réponses
Rang Joueur Pays Âge Points % Correct
4 Andy Murray Royaume-Uni 21 3 720
100%
6 Jo-Wilfried Tsonga France 23 2 050
100%
3 Novak Djokovic Serbie 21 5 295
100%
1 Rafael Nadal Espagne 22 6 675
100%
2 Roger Federer Suisse 27 5 305
100%
14 Gael Monfils France 22 1 475
95%
7 Gilles Simon France 24 1 980
90%
9 Juan Martin Del Potro Argentine 20 1 945
90%
13 Stan Wawrinka Suisse 23 1 510
80%
20 Tomas Berdych Tchéquie 23 1 215
80%
8 Andy Roddick États-Unis 26 1 970
75%
12 David Ferrer Espagne 26 1 695
75%
5 Nikolay Davydenko Russie 27 2 715
60%
17 Robin Soderling Suède 24 1 325
55%
11 David Nalbandian Argentine 27 1 725
45%
16 Fernando Verdasco Espagne 25 1 415
45%
10 James Blake États-Unis 29 1 775
35%
18 Nicolas Almagro Espagne 23 1 270
35%
15 Fernando Gonzalez Chili 28 1 420
25%
19 Igor Andreev Russie 25 1 245
5%
Aucun quiz correspondant
Distribution des résultats
% des personnes avec chaque résultat
Percentile par nombre de réponses
Votre historique - résultats
Vous n’avez pas pris ce quiz